000 00282nam a22001337a 4500
008 171024b xxu||||| |||| 00| 0 eng d
020 _a0697121461
041 _aeng
080 _22ND
_a311
100 _a55
101 _aSTA
245 _aSTATISTICS
_cWEIMER,R.C
942 _2udc
_cBK
999 _c35780
_d35780